000
00289nam a2200109Ia 4500
008
200302s9999 xx 000 0 und d
100
_a
Gerd Hatie & Other
245
_a
1601 Decorating Ideas for Modern Living
260
_b
Harry N. Abrams Inc. Publishers
260
_c
1998
300
_a
296 P.,
999
_c
410
_d
410